[Event "Lisbon Portugal rapid op"]
[Site "Lisbon"]
[Date "2022.09.03"]
[Round "2"]
[White "Gaspar, Artur Jorge Rocha"]
[Black "Adao, David"]
[Result "1-0"]
[WhiteElo "2140"]
[BlackElo "1797"]
[PlyCount "95"]
[EventDate "2022.09.03"]
[EventType "swiss (rapid)"]
[EventRounds "11"]
[EventCountry "POR"]
[SourceTitle "CBM 210 Extra"]
[Source "ChessBase"]
[SourceDate "2022.11.30"]
[SourceVersion "1"]
[SourceVersionDate "2022.11.30"]
[SourceQuality "1"]

1. c4 c6 2. g3 d5 3. Bg2 Nf6 4. Nf3 Bf5 5. cxd5 cxd5 6. Qb3 Qc7 7. 0-0 e6 8. Nc3 Bd6 9. d3 a6 10. Bg5 Nbd7 11. Rac1 Qb6 12. Qxb6 Nxb6 13. Bxf6 gxf6 14. e4 dxe4 15. dxe4 Bg6 16. Rfd1 Ke7 17. Nh4 Rhd8 18. e5 fxe5 19. Bxb7 Ra7 20. Bg2 f5 21. Rd2 Nc4 22. Rdc2 e4 23. Nxg6+ hxg6 24. Nxe4 Ne5 25. Nxd6 Rxd6 26. Rc7+ Rxc7 27. Rxc7+ Kf6 28. Bf1 Rd2 29. Bxa6 Rxb2 30. a4 Ng4 31. Bc4 Ne5 32. Bf1 Rb1 33. Kg2 Ra1 34. Ra7 Ra2 35. a5 Ng4 36. a6 Rxf2+ 37. Kg1 Rxh2 38. Bb5 Rb2 39. Rb7 Ra2 40. a7 e5 41. Bc6 e4 42. Rc7 e3 43. a8Q Rxa8 44. Bxa8 g5 45. Bf3 Ne5 46. Kg2 f4 47. gxf4 gxf4 48. Ra7 1-0

[Event "POR CupT qf  40th"]
[Site "Portugal"]
[Date "2018.06.09"]
[Round "4.1"]
[White "Taboas Rodriguez, Daniel"]
[Black "Gaspar, Artur Jorge Rocha"]
[Result "1-0"]
[WhiteElo "2361"]
[BlackElo "2143"]
[PlyCount "75"]
[EventDate "2017.12.16"]
[EventType "team-k.o."]
[EventRounds "6"]
[EventCountry "POR"]
[SourceTitle "EXT 2019"]
[Source "ChessBase"]
[SourceDate "2018.10.10"]
[SourceVersion "1"]
[SourceVersionDate "2018.10.10"]
[SourceQuality "1"]
[WhiteTeam "Coimbra"]
[BlackTeam "Mata de Benfica"]
[WhiteTeamCountry "POR"]
[BlackTeamCountry "POR"]

1. d4 d6 2. c4 g6 3. Nc3 Bg7 4. Nf3 Bg4 5. e3 e5 6. Be2 Nc6 7. d5 Nce7 8. e4 h6 9. h3 Bxf3 10. Bxf3 f5 11. exf5 Nxf5 12. Be4 Nf6 13. Qd3 Nxe4 14. Nxe4 0-0 15. 0-0 Qh4 16. Be3 Rf7 17. b4 Raf8 18. c5 g5 19. f3 Qh5 20. cxd6 Nxd6 21. Bc5 Qg6 22. Rad1 Rd8 23. Bxd6 cxd6 24. Qe3 b6 25. Rc1 Rf4 26. Rc7 h5 27. g3 Bh6 28. Kh1 Rff8 29. g4 Rf4 30. Rfc1 Rdf8 31. Rc8 Qf7 32. Kg2 Rxc8 33. Rxc8+ Bf8 34. Qd3 hxg4 35. hxg4 Qd7 36. Ra8 Qb7 37. Re8 Qd7 38. Nxg5 1-0

[Event "POR CupT Associations"]
[Site "Bombarral"]
[Date "2015.10.18"]
[Round "3.3"]
[White "Lombaers, Peter"]
[Black "Gaspar, Artur Jorge Rocha"]
[Result "1-0"]
[WhiteElo "2312"]
[BlackElo "2151"]
[PlyCount "73"]
[EventDate "2015.10.17"]
[EventType "team-k.o."]
[EventRounds "3"]
[EventCountry "POR"]
[SourceTitle "EXT 2018"]
[Source "ChessBase"]
[SourceDate "2017.10.13"]
[SourceVersion "1"]
[SourceVersionDate "2017.10.13"]
[SourceQuality "1"]
[WhiteTeam "Porto GX"]
[BlackTeam "Mata de Benfica"]
[WhiteTeamCountry "POR"]
[BlackTeamCountry "POR"]

1. c4 c5 2. g3 Nf6 3. Bg2 e6 4. Nf3 Be7 5. 0-0 0-0 6. b3 a6 7. Nc3 Qc7 8. Bb2 d6 9. e3 Nbd7 10. d4 Rb8 11. a4 b6 12. d5 e5 13. Nh4 Ne8 14. Nf5 Ndf6 15. Qc2 Bxf5 16. Qxf5 Qd7 17. Qd3 Nc7 18. f4 Nfe8 19. Qc2 f6 20. h4 exf4 21. Rxf4 b5 22. axb5 axb5 23. Kh2 bxc4 24. bxc4 Qc8 25. Raf1 Qb7 26. R1f2 Na6 27. Be4 h6 28. Bf5 Nec7 29. Qe2 Qxb2 30. Qxb2 Rxb2 31. Rxb2 Nb4 32. Na2 Nca6 33. Re4 Bd8 34. Re6 Bc7 35. Re7 Bb8 36. Nxb4 Nxb4 37. Rb1 1-0

[Event "POR-chT"]
[Site "Lisbon"]
[Date "2002.08.14"]
[Round "4.3"]
[White "Gaspar, Artur Jorge Rocha"]
[Black "Cordovil, Joao Maria"]
[Result "0-1"]
[WhiteElo "2168"]
[BlackElo "2255"]
[PlyCount "102"]
[EventDate "2002.08.11"]
[EventType "team"]
[EventRounds "9"]
[EventCountry "POR"]
[SourceTitle "EXT 2004"]
[Source "ChessBase"]
[SourceDate "2003.11.25"]
[SourceVersion "1"]
[SourceVersionDate "2003.11.25"]
[SourceQuality "1"]

1. c4 e5 2. Nc3 Nc6 3. g3 g6 4. Bg2 Bg7 5. d3 Nge7 6. e4 d6 7. Nge2 0-0 8. 0-0 a6 9. Nd5 Nxd5 10. cxd5 Ne7 11. Be3 Bg4 12. h3 Bd7 13. Rc1 c5 14. Kh2 b5 15. Qd2 b4 16. f4 f6 17. Ng1 Kh8 18. Nf3 Ng8 19. Qe2 Bh6 20. Nd2 Bb5 21. Rf2 Re8 22. Rcf1 Ra7 23. fxe5 fxe5 24. Bxh6 Nxh6 25. Qe3 Kg7 26. Nf3 Rf7 27. Ng5 Rxf2 28. Rxf2 Bd7 29. Bf1 Rf8 30. Rxf8 Qxf8 31. Be2 Qf6 32. Kg2 Nf7 33. Nf3 Qd8 34. Nh2 Qa5 35. Bg4 Bxg4 36. Nxg4 h5 37. Nf2 Qxa2 38. Qe2 Qa5 39. g4 Qd8 40. Nd1 hxg4 41. Qxg4 Qg5 42. Qxg5 Nxg5 43. Ne3 Kf6 44. Nc4 Nf7 45. Kg3 Kg5 46. b3 Kh5 47. Na5 Nd8 48. Nc6 Nb7 49. Ne7 a5 50. Ng8 a4 51. bxa4 b3 0-1

[Event "POR-chT"]
[Site "Aveiro"]
[Date "2000.06.16"]
[Round "3"]
[White "Andrade, Jose Manuel Vieira"]
[Black "Gaspar, Artur Jorge Rocha"]
[Result "1/2-1/2"]
[WhiteElo "2196"]
[BlackElo "2177"]
[PlyCount "98"]
[EventDate "2000.06.11"]
[EventType "team-swiss"]
[EventRounds "9"]
[EventCountry "POR"]
[SourceTitle "EXT 2001"]
[Source "ChessBase"]
[SourceDate "2000.11.22"]
[SourceVersion "1"]
[SourceVersionDate "2000.11.22"]
[SourceQuality "1"]

1. e4 c5 2. Nf3 e6 3. c4 d6 4. Nc3 Nf6 5. Be2 Be7 6. 0-0 0-0 7. d4 cxd4 8. Nxd4 a6 9. Be3 Qc7 10. Rc1 b6 11. f3 Bb7 12. Qe1 Nbd7 13. Qf2 Rac8 14. Rfd1 Rfe8 15. b4 Qb8 16. Nb3 Bd8 17. Kh1 Bc7 18. Rb1 Re7 19. Na4 Bc6 20. b5 axb5 21. Nd4 Qa8 22. Nxc6 Qxc6 23. cxb5 Qb7 24. Rdc1 Nc5 25. e5 Nfd7 26. Qh4 Ree8 27. Nxc5 Nxc5 28. Qg3 Qd5 29. exd6 Bxd6 30. Qg5 Qxg5 31. Bxg5 Be7 32. Be3 Red8 33. g3 h6 34. f4 Ra8 35. Rc2 Ra3 36. Bc1 Ra4 37. Be3 Ra3 38. Bf2 Rda8 39. Bc4 Rd8 40. Re1 Bf8 41. Kg2 Ra4 42. Rb1 Be7 43. Be2 Rda8 44. Bc4 Rd8 45. Kf1 Rd7 46. Ke2 Ra8 47. Rd2 Rad8 48. Rxd7 Rxd7 49. Be3 Kf8 1/2-1/2

[Event "POR Cup sf"]
[Site "Lisbon"]
[Date "1999.??.??"]
[Round "?"]
[White "Gaspar, Artur Jorge Rocha"]
[Black "Blalock, Rex E"]
[Result "0-1"]
[WhiteElo "2204"]
[BlackElo "2150"]
[PlyCount "68"]
[EventDate "1999.12.??"]
[EventType "team"]
[EventRounds "1"]
[EventCountry "POR"]
[SourceTitle "EXT 2001"]
[Source "ChessBase"]
[SourceDate "2000.11.22"]
[SourceVersion "1"]
[SourceVersionDate "2000.11.22"]
[SourceQuality "1"]

1. c4 c6 2. g3 d5 3. Bg2 Nf6 4. b3 Bf5 5. Bb2 e6 6. Nf3 Be7 7. 0-0 0-0 8. d3 h6 9. Nbd2 Nbd7 10. Re1 a5 11. e4 dxe4 12. dxe4 Bg6 13. e5 Ne8 14. Ne4 Nc5 15. Nxc5 Bxc5 16. Nd2 Bb4 17. Re2 Nc7 18. Ne4 Qxd1+ 19. Rxd1 Rfd8 20. Nd6 Ne8 21. a3 Bxd6 22. exd6 Rxd6 23. Rxd6 Nxd6 24. Rd2 Ne4 25. Bxe4 Bxe4 26. Rd7 c5 27. f4 a4 28. b4 cxb4 29. axb4 a3 30. Ba1 Ra4 31. Bc3 a2 32. Rd1 Bb1 33. c5 Rxb4 34. Kf2 Rc4 0-1

[Event "POR-chT"]
[Site "Lisbon"]
[Date "1998.05.24"]
[Round "9"]
[White "Ribeiro, Joao Mario"]
[Black "Gaspar, Artur Jorge Rocha"]
[Result "0-1"]
[WhiteElo "2280"]
[BlackElo "2225"]
[PlyCount "56"]
[EventDate "1998.??.??"]
[EventType "team"]
[EventRounds "9"]
[EventCountry "POR"]
[SourceTitle "EXT 1999"]
[Source "ChessBase"]
[SourceDate "1998.11.16"]
[SourceVersion "1"]
[SourceVersionDate "1998.11.16"]
[SourceQuality "1"]

1. e4 c5 2. Nf3 e6 3. c3 Nf6 4. e5 Nd5 5. d4 cxd4 6. cxd4 b6 7. Be2 Be7 8. 0-0 0-0 9. Nc3 Bb7 10. Nxd5 Bxd5 11. Bf4 Nc6 12. Rc1 f6 13. b3 Qe8 14. Qd2 Ba3 15. Rcd1 Rc8 16. exf6 Rxf6 17. Ne5 Nxe5 18. dxe5 Qg6 19. Bg3 Rf7 20. Bd3 Qg4 21. Bb1 Rcf8 22. h3 Qh5 23. b4 a5 24. bxa5 Bc5 25. Qc2 g5 26. a6 g4 27. Rxd5 exd5 28. a7 gxh3 0-1

[Event "POR-chT"]
[Site "Lisbon"]
[Date "1998.05.03"]
[Round "3"]
[White "Antunes, Antonio"]
[Black "Gaspar, Artur Jorge Rocha"]
[Result "1-0"]
[WhiteElo "2495"]
[BlackElo "2225"]
[PlyCount "131"]
[EventDate "1998.??.??"]
[EventType "team"]
[EventRounds "9"]
[EventCountry "POR"]
[SourceTitle "EXT 1999"]
[Source "ChessBase"]
[SourceDate "1998.11.16"]
[SourceVersion "1"]
[SourceVersionDate "1998.11.16"]
[SourceQuality "1"]

1. Nf3 c5 2. c4 Nf6 3. g3 b6 4. Bg2 Bb7 5. 0-0 e6 6. Nc3 Be7 7. d4 cxd4 8. Qxd4 d6 9. Rd1 a6 10. b3 Nbd7 11. e4 0-0 12. Ba3 Nc5 13. e5 dxe5 14. Qxd8 Rfxd8 15. Nxe5 Bxg2 16. Kxg2 Bf8 17. Bxc5 bxc5 18. Na4 Rd6 19. Kf3 g6 20. g4 g5 21. Ke3 Kg7 22. f3 Ra7 23. Ke2 Ne8 24. h3 f5 25. Nd3 Rc6 26. Ne5 Rd6 27. Rxd6 Bxd6 28. Nd3 Rc7 29. Rg1 Kf6 30. Nc3 h6 31. gxf5 Kxf5 32. Ne4 Be5 33. Nxe5 Kxe5 34. Rd1 Rc6 35. Rd7 Nf6 36. Nxf6 Kxf6 37. Ke3 h5 38. Rd8 Kf5 39. Rh8 Kg6 40. Rg8+ Kf5 41. Rd8 h4 42. Rf8+ Ke5 43. f4+ gxf4+ 44. Rxf4 Rd6 45. Rxh4 Rd1 46. Rh5+ Kd6 47. Rg5 Rh1 48. Rg3 Rh2 49. Kf4 Rf2+ 50. Kg5 e5 51. h4 e4 52. h5 Ke5 53. h6 Rh2 54. Rg1 e3 55. Kg6 e2 56. h7 Ke4 57. Kg7 Kf3 58. h8Q Rxh8 59. Kxh8 Kf2 60. Rb1 e1Q 61. Rxe1 Kxe1 62. b4 cxb4 63. c5 a5 64. c6 a4 65. c7 b3 66. c8Q 1-0

[Event "Lisbon-ch"]
[Site "Lisbon"]
[Date "1997.??.??"]
[Round "7"]
[White "Cruz, Paulo A Pereira"]
[Black "Gaspar, Artur Jorge Rocha"]
[Result "0-1"]
[WhiteElo "2000"]
[BlackElo "2210"]
[PlyCount "84"]
[EventDate "1997.??.??"]
[EventType "tourn"]
[EventRounds "11"]
[EventCountry "POR"]
[SourceTitle "EXT 2001"]
[Source "ChessBase"]
[SourceDate "2000.11.22"]
[SourceVersion "1"]
[SourceVersionDate "2000.11.22"]
[SourceQuality "1"]

1. Nc3 c5 2. e4 e6 3. g3 d5 4. d3 dxe4 5. dxe4 Qxd1+ 6. Nxd1 Nc6 7. Bg2 Nf6 8. Ne2 Be7 9. 0-0 0-0 10. Bg5 h6 11. Bxf6 Bxf6 12. c3 Rd8 13. Nc1 Rb8 14. Ne3 b6 15. Nb3 c4 16. Nc1 Ba6 17. Rd1 Rxd1+ 18. Nxd1 Rd8 19. Ne2 Rd2 20. Kf1 Ne5 21. Nd4 Nd3 22. Nf3 Rc2 23. Ne1 Nxe1 24. Kxe1 Bg5 25. h4 Bd2+ 26. Kf1 Bb7 27. e5 Bxg2+ 28. Kxg2 Bc1 29. Rb1 h5 30. Kf3 Bh6 31. a4 f6 32. exf6 gxf6 33. Ke4 Rd2 34. f4 Bf8 35. Ne3 f5+ 36. Kf3 Bc5 37. Rf1 Rxb2 38. Nxc4 Rc2 39. Ne5 Rxc3+ 40. Kg2 Rc2+ 41. Kf3 Ra2 42. Rd1 Rf2# 0-1

[Event "Lisbon-ch"]
[Site "Lisbon"]
[Date "1997.??.??"]
[Round "8"]
[White "Gaspar, Artur Jorge Rocha"]
[Black "Boino, Claudio N Vigidal"]
[Result "1-0"]
[WhiteElo "2210"]
[BlackElo "2000"]
[PlyCount "73"]
[EventDate "1997.??.??"]
[EventType "tourn"]
[EventRounds "11"]
[EventCountry "POR"]
[SourceTitle "EXT 2001"]
[Source "ChessBase"]
[SourceDate "2000.11.22"]
[SourceVersion "1"]
[SourceVersionDate "2000.11.22"]
[SourceQuality "1"]

1. c4 e5 2. Nc3 Nf6 3. Nf3 Nc6 4. e4 Bb4 5. d3 d6 6. g3 Bg4 7. Bg2 Nd4 8. h3 Nxf3+ 9. Bxf3 Bxc3+ 10. bxc3 Bxf3 11. Qxf3 Nd7 12. 0-0 Qf6 13. Qe2 Qg6 14. Rb1 b6 15. Kh2 f5 16. f4 0-0 17. exf5 Qe8 18. Qg2 Rxf5 19. g4 Rf7 20. Be3 Rb8 21. f5 Qc8 22. Rf2 Qb7 23. Qxb7 Rxb7 24. Kg3 Rb8 25. h4 Rbf8 26. Rbf1 Nc5 27. Bxc5 dxc5 28. Kf3 h5 29. Ke4 hxg4 30. Rg1 Re7 31. Rxg4 Rf6 32. Rg6 Ref7 33. h5 Re7 34. Rfg2 Kh7 35. h6 Rxg6 36. fxg6+ Kxh6 37. Kf5 1-0

[Event "POR-chT"]
[Site "Portugal"]
[Date "1997.??.??"]
[Round "?"]
[White "Pereira, Rui Silva"]
[Black "Gaspar, Artur Jorge Rocha"]
[Result "1/2-1/2"]
[WhiteElo "2255"]
[BlackElo "2210"]
[PlyCount "47"]
[EventDate "1997.??.??"]
[EventType "team"]
[EventRounds "2"]
[EventCountry "POR"]
[SourceTitle "EXT 2001"]
[Source "ChessBase"]
[SourceDate "2000.11.22"]
[SourceVersion "1"]
[SourceVersionDate "2000.11.22"]
[SourceQuality "1"]

1. e4 c5 2. Nf3 e6 3. d4 cxd4 4. Nxd4 Nc6 5. Nc3 Qc7 6. g3 a6 7. Bg2 Nf6 8. 0-0 d6 9. Re1 Rb8 10. Nxc6 bxc6 11. e5 dxe5 12. Rxe5 Bd6 13. Re3 0-0 14. Rd3 Be7 15. b3 a5 16. Na4 e5 17. Qe2 Bg4 18. f3 e4 19. Rd1 exf3 20. Bxf3 Bxf3 21. Qxf3 Rbd8 22. Bf4 Bd6 23. Bxd6 Rxd6 24. Rxd6 1/2-1/2

[Event "Lisbon-ch"]
[Site "Lisbon"]
[Date "1997.??.??"]
[Round "3"]
[White "Rodrigues, Ricardo"]
[Black "Gaspar, Artur Jorge Rocha"]
[Result "1/2-1/2"]
[WhiteElo "2000"]
[BlackElo "2210"]
[PlyCount "106"]
[EventDate "1997.??.??"]
[EventType "tourn"]
[EventRounds "11"]
[EventCountry "POR"]
[SourceTitle "EXT 2001"]
[Source "ChessBase"]
[SourceDate "2000.11.22"]
[SourceVersion "1"]
[SourceVersionDate "2000.11.22"]
[SourceQuality "1"]

1. d4 e6 2. c4 b6 3. Nc3 Bb7 4. e4 Bb4 5. Bd3 f5 6. Qh5+ g6 7. Qe2 Nc6 8. Nf3 fxe4 9. Bxe4 Nf6 10. Bg5 0-0 11. 0-0 Qe8 12. Bxf6 Rxf6 13. Rad1 Bxc3 14. bxc3 d6 15. Rfe1 Qf8 16. Ng5 Kh8 17. Bxc6 Bxc6 18. Nxe6 Qf7 19. Ng5 Qg7 20. Ne6 Qf7 21. Ng5 Qg7 22. Qe7 h6 23. Qxg7+ Kxg7 24. Re7+ Kg8 25. Ne6 Rf7 26. Rxf7 Kxf7 27. Nxc7 Rc8 28. Nb5 Bxb5 29. cxb5 Rxc3 30. g3 Rc2 31. Ra1 Rd2 32. Kg2 Rxd4 33. Rc1 Ke6 34. Rc7 Ra4 35. Rg7 Kf6 36. Rd7 Ke5 37. Rg7 d5 38. Rxg6 d4 39. Rxh6 d3 40. Kf1 Rxa2 41. Ke1 Re2+ 42. Kd1 Rxf2 43. Rh7 Ra2 44. h4 Ke4 45. h5 Kf3 46. Rg7 Ke3 47. Re7+ Kf3 48. h6 Kxg3 49. h7 Rh2 50. Rxa7 Kf4 51. Re7 Kf5 52. Kc1 Kf6 53. Rb7 Ke5 1/2-1/2

[Event "Loures"]
[Site "Loures"]
[Date "1996.??.??"]
[Round "10"]
[White "Fernandes, Antonio ETG"]
[Black "Gaspar, Artur Jorge Rocha"]
[Result "0-1"]
[WhiteElo "2410"]
[BlackElo "2180"]
[PlyCount "106"]
[EventDate "1996.??.??"]
[EventType "tourn"]
[EventRounds "11"]
[EventCountry "POR"]
[SourceTitle "EXT 1998"]
[Source "ChessBase"]
[SourceDate "1997.11.17"]
[SourceVersion "1"]
[SourceVersionDate "1997.11.17"]
[SourceQuality "1"]

1. d4 Nf6 2. g3 d5 3. Bg2 c6 4. Nf3 Bf5 5. 0-0 h6 6. c4 e6 7. Nc3 Be7 8. b3 0-0 9. Bb2 Nbd7 10. Nd2 Rc8 11. e4 dxe4 12. Ndxe4 Nxe4 13. Nxe4 Nf6 14. Re1 Nxe4 15. Bxe4 Bxe4 16. Rxe4 Bf6 17. Qd2 Rc7 18. Bc3 Rd7 19. Qb2 Qc7 20. h4 Rfd8 21. Rae1 Rd6 22. Rg4 h5 23. Rf4 R8d7 24. Rxf6 gxf6 25. Qe2 Rxd4 26. Bxd4 Rxd4 27. Qxh5 Kf8 28. Qc5+ Qd6 29. Qxa7 Qd7 30. Qc5+ Ke8 31. Kg2 e5 32. h5 Qg4 33. h6 Rd7 34. Rxe5+ fxe5 35. Qxe5+ Qe6 36. Qh8+ Ke7 37. h7 Qe4+ 38. Kh2 Rd1 39. f3 Qe2+ 40. Kh3 Rh1+ 41. Kg4 Qe6+ 42. Kf4 Qf6+ 43. Qxf6+ Kxf6 44. g4 Rxh7 45. g5+ Ke6 46. Ke4 Rh4+ 47. f4 Rh8 48. f5+ Kd6 49. b4 b6 50. a4 Rh4+ 51. Kf3 Rxc4 52. g6 fxg6 53. fxg6 Ke6 0-1

[Event "Loures2"]
[Site "Loures"]
[Date "1996.??.??"]
[Round "3"]
[White "Frois, Antonio"]
[Black "Gaspar, Artur Jorge Rocha"]
[Result "1-0"]
[WhiteElo "2380"]
[BlackElo "2180"]
[PlyCount "94"]
[EventDate "1996.??.??"]
[EventType "tourn"]
[EventRounds "11"]
[EventCountry "POR"]
[SourceTitle "EXT 1998"]
[Source "ChessBase"]
[SourceDate "1997.11.17"]
[SourceVersion "1"]
[SourceVersionDate "1997.11.17"]
[SourceQuality "1"]

1. d4 d5 2. c4 c6 3. Nf3 Nf6 4. Nc3 a6 5. cxd5 cxd5 6. Bg5 Nc6 7. e3 e6 8. Bd3 Be7 9. 0-0 0-0 10. Rc1 Nd7 11. Bxe7 Qxe7 12. Na4 f5 13. a3 Kh8 14. Qb3 g5 15. Nb6 Nxb6 16. Qxb6 g4 17. Ne5 Nxe5 18. dxe5 Qd8 19. Rc7 Rf7 20. Rfc1 Re7 21. Qd6 Rd7 22. Rxd7 Bxd7 23. Rc7 Bc6 24. Re7 Qxd6 25. exd6 Re8 26. d7 Rf8 27. h3 gxh3 28. gxh3 Rg8+ 29. Kf1 Rd8 30. Rxe6 Rxd7 31. Bxf5 Rf7 32. Bd3 Rf3 33. Rh6 Rf7 34. Ke2 Bd7 35. Rh5 Bc6 36. h4 Re7 37. Rh6 d4 38. Bxa6 Kg7 39. Rd6 dxe3 40. fxe3 Re4 41. Bxb7 Bb5+ 42. Kd2 Rxh4 43. e4 Rh2+ 44. Kc3 h5 45. e5 h4 46. Be4 h3 47. Rg6+ Kf7 1-0

[Event "Lisbon VI Finalissima"]
[Site "Lisbon"]
[Date "1996.??.??"]
[Round "1"]
[White "Gaspar, Artur Jorge Rocha"]
[Black "Dias, Paulo Jorge Guimara"]
[Result "1-0"]
[WhiteElo "2245"]
[BlackElo "2000"]
[PlyCount "75"]
[EventDate "1996.??.??"]
[EventType "tourn"]
[EventRounds "11"]
[EventCountry "POR"]
[SourceTitle "EXT 1997"]
[Source "ChessBase"]
[SourceDate "1996.11.15"]
[SourceVersion "1"]
[SourceVersionDate "1996.11.15"]
[SourceQuality "1"]

1. c4 c6 2. e4 e5 3. Nc3 d6 4. Nf3 Nd7 5. Be2 g6 6. 0-0 Bg7 7. d4 Ne7 8. dxe5 dxe5 9. Be3 0-0 10. Qc2 h6 11. Rad1 Qe8 12. Nd2 f5 13. f3 f4 14. Bf2 g5 15. c5 h5 16. Nc4 Qg6 17. Nd6 Nf6 18. Nxc8 Rfxc8 19. Qb3+ Kh7 20. Qxb7 Re8 21. Rd2 Bf8 22. Rfd1 Qg7 23. a3 Reb8 24. Qc7 Ne8 25. Qd7 Nf6 26. Qe6 Ng6 27. Qxc6 Rc8 28. Qb5 Rab8 29. Qc4 g4 30. b4 g3 31. hxg3 Be7 32. Nd5 Nxd5 33. exd5 fxg3 34. Bxg3 h4 35. Bh2 Nf4 36. Bxf4 exf4 37. Qxf4 h3 38. Qf5+ 1-0

[Event "Mondariz op"]
[Site "Mondariz"]
[Date "1996.??.??"]
[Round "?"]
[White "Gaspar, Artur Jorge Rocha"]
[Black "Franco Ocampos, Zenon"]
[Result "0-1"]
[WhiteElo "2180"]
[BlackElo "2470"]
[PlyCount "90"]
[EventDate "1996.07.??"]
[EventType "swiss"]
[EventRounds "9"]
[EventCountry "ESP"]
[SourceTitle "EXT 1998"]
[Source "ChessBase"]
[SourceDate "1997.11.17"]
[SourceVersion "1"]
[SourceVersionDate "1997.11.17"]
[SourceQuality "1"]

1. e4 c5 2. Nf3 Nc6 3. c3 d5 4. exd5 Qxd5 5. d4 e6 6. Bd3 Nf6 7. 0-0 Be7 8. Be3 cxd4 9. cxd4 0-0 10. Nc3 Qd6 11. Rc1 Bd7 12. Qe2 Rfd8 13. Rfd1 Be8 14. Bb1 h6 15. a3 Bf8 16. Ba2 Ne7 17. Ne5 Ned5 18. Ng4 Nxg4 19. Qxg4 Nxe3 20. fxe3 Rac8 21. Rd2 Kh8 22. Rf1 Be7 23. Bb1 f5 24. Qe2 Bg5 25. Rdd1 g6 26. Kh1 Kg7 27. e4 Bf7 28. d5 Bf6 29. dxe6 Qxe6 30. Nd5 Bg5 31. Qf3 Qe5 32. Nc3 Bc4 33. Rxd8 Rxd8 34. Rd1 fxe4 35. Bxe4 Rf8 36. Qh3 Rf7 37. Qc8 Bb3 38. Ra1 Be6 39. Qe8 Bf4 40. g3 Bd2 41. Bg2 Bxc3 42. bxc3 Qxc3 43. Rd1 Bg4 44. Re1 Qxa3 45. Qe5+ Kh7 0-1